Indian Philosophy / (Record no. 64133)

MARC details
000 -LEADER
fixed length control field 00566nam a22001697a 4500
005 - DATE AND TIME OF LATEST TRANSACTION
control field 20120319123230.0
020 ## - INTERNATIONAL STANDARD BOOK NUMBER
Terms of availability 00.00
035 ## - SYSTEM CONTROL NUMBER
System control number 279061
037 ## - SOURCE OF ACQUISITION
Stock number DPL
Source of stock number/acquisition ENG
100 ## - MAIN ENTRY--PERSONAL NAME
Personal name Radhakrishnan
245 ## - TITLE STATEMENT
Title Indian Philosophy /
Statement of responsibility, etc by Radhakrishnan
250 ## - EDITION STATEMENT
Edition statement Vol.II
260 ## - PUBLICATION, DISTRIBUTION, ETC. (IMPRINT)
Place of publication, distribution, etc London
Name of publisher, distributor, etc The Macmillan Company
Date of publication, distribution, etc 1962
300 ## - PHYSICAL DESCRIPTION
Extent 810p.
Dimensions 18 cms.
942 ## - ADDED ENTRY ELEMENTS (KOHA)
Source of classification or shelving scheme Dewey Decimal Classification
Item type English Books
Classification part 181.4
Call number suffix RAD
Holdings
Withdrawn status Lost status Not for loan Collection code Home library Current library Date acquired Cost, normal purchase price Full call number Barcode Cost, replacement price Koha item type
      Non-fiction Sarojini Nagar Sarojini Nagar 19/03/2012 0.00 181.4 RAD 279061 0.00 English Books

© Delhi Public Library
Hit Counter
free hit counter